| 000 | 00753nam a2200181Ia 4500 | ||
|---|---|---|---|
| 008 | 090630s9999 xx 000 0 und d | ||
| 082 | _b28264 | ||
| 100 | _aहरकारे अरुण. | ||
| 245 |
_aकर्पूरीदेवी आणि पृथ्वीराज चौहान. _cहरकारे अरुण. |
||
| 260 |
_bनंदादीप. _c2007 |
||
| 300 | _a224 | ||
| 600 | _aहरकारे अरुण. | ||
| 630 | _aकर्पूरीदेवी आणि पृथ्वीराज चौहान. | ||
| 655 | _aकादंबरी. | ||
| 700 | _aहरकारे अरुण. | ||
| 730 | _aकर्पूरीदेवी आणि पृथ्वीराज चौहान. | ||
| 942 | _cBOOK | ||
| 999 |
_c280120 _d280120 |
||